000 01322nam0a22003011 4500
001 rc\4865511
005 20250613022544.0
021 _aRU
_b[60-40030]
035 _a(NLR Aleph) 008907282
090 _a8741022
_c8741022
100 _a20130426d1960 |||y0rusy50 ca
101 0 _arus
102 _aRU
105 _ay z |||||
200 1 _aНаша гвардия
210 _aКазань
_cТаткнигоиздат
_d1960
215 _a12 с.
_d20
225 1 _aБиблиотечка сельского коммуниста
_v[10]
300 _aПеред загл. авт.: Б. Назмиев, секретарь парт. организации колхоза "Кзыл юлдуз" Лаишев. район
300 _aВложена с 10-ю другими книгами этой серии в папку с загл.: Из опыта сельских партийных организаций Татарии
517 0 _aИз опыта сельских партийных организаций Татарии
606 _aПартийные организации и их работа в колхозах
_yТатарская АССР
_2psbo
700 1 _aНазмиев
_bБ.
801 0 _aRU
_bNLR
_gpsbo
801 1 _aRU
_bELAR
_2rusmarc
852 _aNLR
_j60-4/7819-10
942 _cBOOK
980 _aNB